Hodnotenie okolia podniku v podmienkach pandémie bakalárska práca

Uložené v:
Podrobná bibliografia
Hlavný autor: Mináriková, Laura
Korporativný autor: Fakulta podnikového manažmentu EU. Katedra podnikovohospodárska
Ďalší autori: Stovíček, Filip, 1998-
Médium: Kniha
Jazyk:Slovak
Vydavateľské údaje: Bratislava 2023
Tagy: Pridať tag
Žiadne tagy, Buďte prvý, kto otaguje tento záznam!

MARC

LEADER 00000nbm a2200000 4500
001 0293535
005 20240219133934.8
041 0 |a slo 
044 |a SK 
245 1 0 |a Hodnotenie okolia podniku v podmienkach pandémie  |b bakalárska práca  |c Laura Mináriková ; školiteľ: Filip Stovíček 
264 1 |a Bratislava  |c 2023 
300 |a 57 s. 
100 1 |a Mináriková, Laura 
700 1 |a Stovíček, Filip, 1998- 
710 2 |a Fakulta podnikového manažmentu EU. Katedra podnikovohospodárska